000 00317nam a2200145Ia 4500
008 240112s2014 xx 000 0 und d
022 _a195863
041 _aeng
082 _a612.05
100 _aMARALI S
245 _aINDIAN MEDICAL GAZETTE
260 _bIMG
_c2014
300 _a237-476
440 _vCXLVII
999 _c1144386
_d1144386